[Event "POL-chT U19 2nd League"]
[Site "Szczyrk"]
[Date "2014.07.28"]
[Round "5.34"]
[White "Kucharska, Honorata"]
[Black "Wolski, Lukasz"]
[Result "0-1"]
[WhiteElo "1718"]
[BlackElo "1233"]
[PlyCount "172"]
[EventDate "2014.07.25"]
[EventType "team-swiss"]
[EventRounds "11"]
[EventCountry "POL"]
[SourceTitle "EXT 2015"]
[Source "ChessBase"]
[SourceDate "2014.11.20"]
[SourceVersion "1"]
[SourceVersionDate "2014.11.20"]
[SourceQuality "1"]
[WhiteTeam "Chrzanow UKS SP 8 U19"]
[BlackTeam "Bydgoszcz Hetman U19"]
[WhiteTeamCountry "POL"]
[BlackTeamCountry "POL"]

1. e4 e5 2. Nf3 Nc6 3. Bb5 a6 4. Ba4 b5 5. Bb3 Bc5 6. 0-0 Nf6 7. d3 h6 8. c3 d6 9. Bc2 Bg4 10. Nbd2 0-0 11. h3 Bh5 12. Re1 Ne7 13. Nf1 c6 14. Ng3 Bxf3 15. Qxf3 Kh7 16. d4 Bb6 17. Be3 c5 18. Rad1 Qc7 19. Bb1 Rad8 20. Nf5 Nfg8 21. a3 c4 22. Bc1 Nxf5 23. Qxf5+ g6 24. Qf3 Qa7 25. Be3 Rfe8 26. Bc2 a5 27. Rd2 f6 28. Red1 Re7 29. Kh1 Red7 30. Qe2 exd4 31. Bxd4 Bxd4 32. Rxd4 Ne7 33. Qf3 Kg7 34. Qg3 Qc5 35. f4 d5 36. e5 f5 37. Qh4 Nc6 38. Qf6+ Kh7 39. e6 Rf8 40. Qh4 Rdd8 41. R4d2 Qe7 42. Qe1 Rf6 43. Rxd5 Rxd5 44. Rxd5 Rxe6 45. Qd2 Re2 46. Qd1 Re1+ 47. Kh2 Rxd1 48. Bxd1 Qe4 49. Bf3 Qxf4+ 50. Kg1 Qc1+ 51. Rd1 Qe3+ 52. Kf1 Ne5 53. Re1 Qd3+ 54. Kf2 Nxf3 55. gxf3 Kg7 56. Re2 Kf6 57. Re3 Qb1 58. Re2 Kg5 59. Kg2 Kh5 60. Rf2 Qd3 61. Rf1 Qe3 62. Rf2 Qg5+ 63. Kh2 Qe7 64. Kg2 b4 65. axb4 axb4 66. cxb4 Qxb4 67. Re2 g5 68. Rf2 c3 69. bxc3 Qxc3 70. Re2 g4 71. hxg4+ fxg4 72. fxg4+ Kxg4 73. Re4+ Kf5 74. Re2 Kf4 75. Rf2+ Kg4 76. Kg1 h5 77. Rg2+ Kf4 78. Rf2+ Ke4 79. Re2+ Kd3 80. Rf2 Qe1+ 81. Kg2 h4 82. Rf3+ Ke4 83. Rh3 Kf4 84. Rf3+ Kg4 85. Rf1 h3+ 86. Kh2 Qg3+ 0-1

[Event "POL-ch qual U11"]
[Site "Jastrzebia Gora"]
[Date "2013.09.25"]
[Round "9.5"]
[White "Dudzinski, Adam"]
[Black "Wolski, Lukasz"]
[Result "1/2-1/2"]
[WhiteElo "1512"]
[BlackElo "1246"]
[PlyCount "77"]
[EventDate "2013.09.25"]
[EventType "swiss"]
[EventRounds "9"]
[EventCountry "POL"]
[SourceTitle "EXT 2023"]
[Source "ChessBase"]
[SourceDate "2022.10.05"]
[SourceVersion "1"]
[SourceVersionDate "2022.10.05"]
[SourceQuality "1"]

1. d4 d5 2. e3 Nf6 3. Bd3 Nc6 4. Nd2 g6 5. f4 Bg7 6. Ngf3 Bg4 7. 0-0 0-0 8. Qe1 Bxf3 9. Rxf3 Nb4 10. Qe2 Qd6 11. c3 Nxd3 12. Qxd3 e6 13. e4 dxe4 14. Nxe4 Nxe4 15. Qxe4 Qd5 16. Qe2 Rad8 17. Be3 Qd6 18. Rd1 Rfe8 19. Qf2 b6 20. Rd2 Qd5 21. a3 Rd7 22. Rh3 Bf6 23. g4 Bh8 24. Qh4 f5 25. g5 Rf8 26. Qf2 Rfd8 27. Rg3 Qe4 28. h4 c5 29. Re2 cxd4 30. Bxd4 Bxd4 31. cxd4 Qxd4 32. Rxe6 Qxf2+ 33. Kxf2 Rd2+ 34. Re2 R8d4 35. Rf3 Kg7 36. Ke3 Rxe2+ 37. Kxe2 h6 38. Ke3 Re4+ 39. Kd3 1/2-1/2

[Event "POL-ch qual U11"]
[Site "Jastrzebia Gora"]
[Date "2013.09.25"]
[Round "8.3"]
[White "Wloch, Mikolaj"]
[Black "Wolski, Lukasz"]
[Result "1-0"]
[WhiteElo "1392"]
[BlackElo "1246"]
[PlyCount "71"]
[EventDate "2013.09.25"]
[EventType "swiss"]
[EventRounds "9"]
[EventCountry "POL"]
[SourceTitle "EXT 2023"]
[Source "ChessBase"]
[SourceDate "2022.10.05"]
[SourceVersion "1"]
[SourceVersionDate "2022.10.05"]
[SourceQuality "1"]

1. e4 e5 2. Nf3 Nc6 3. d4 exd4 4. Bc4 Be7 5. c3 d6 6. cxd4 Na5 7. Bd3 Bg4 8. Be3 Nf6 9. Nbd2 0-0 10. 0-0 Nd7 11. Rc1 a6 12. Bb1 Nc6 13. Qc2 Rc8 14. h3 Bh5 15. Nh2 Bg6 16. f4 h6 17. Qc3 Bh4 18. Ng4 Bh5 19. Nf2 Bg3 20. f5 Qf6 21. Nh1 Be2 22. Nxg3 Bxf1 23. Rxf1 Na7 24. Nf3 Nb5 25. Qd2 Rfe8 26. Nh5 Qe7 27. Qf2 Nf6 28. Nxf6+ Qxf6 29. e5 dxe5 30. dxe5 Qc6 31. f6 g5 32. Nxg5 hxg5 33. Qf5 Qxg2+ 34. Kxg2 Rxe5 35. Qh7+ Kf8 36. Qh8# 1-0

[Event "POL-ch qual U11"]
[Site "Jastrzebia Gora"]
[Date "2013.09.25"]
[Round "1.1"]
[White "Wolski, Lukasz"]
[Black "Kopaczewski, Adam"]
[Result "0-1"]
[WhiteElo "1246"]
[BlackElo "1544"]
[PlyCount "74"]
[EventDate "2013.09.25"]
[EventType "swiss"]
[EventRounds "9"]
[EventCountry "POL"]
[SourceTitle "EXT 2023"]
[Source "ChessBase"]
[SourceDate "2022.10.05"]
[SourceVersion "1"]
[SourceVersionDate "2022.10.05"]
[SourceQuality "1"]

1. e4 e5 2. Nf3 Nc6 3. Bc4 Nf6 4. d3 Bc5 5. Bg5 h6 6. Bh4 d6 7. h3 Bd7 8. 0-0 Na5 9. Nbd2 Qe7 10. a3 Nxc4 11. Nxc4 g5 12. Bg3 g4 13. hxg4 Bxg4 14. b4 Bd4 15. Rc1 Nh5 16. Kh1 Nxg3+ 17. fxg3 a6 18. c3 Ba7 19. d4 0-0-0 20. Qd3 h5 21. Nh4 exd4 22. cxd4 d5 23. Ne5 dxe4 24. Qc2 Be6 25. Nf5 Bxf5 26. Rxf5 Rh7 27. Rcf1 Rxd4 28. Nxf7 e3 29. Ne5 Rh4+ 30. gxh4 Qxh4+ 31. Kg1 e2+ 32. R5f2 Bxf2+ 33. Rxf2 e1Q+ 34. Rf1 Qd4+ 35. Kh2 Qdxe5+ 36. Kg1 Q5e3+ 37. Kh2 Qh4# 0-1